|
|
|
|
| LEADER |
01135cam a22002654a 4500 |
| 001 |
18995 |
| 003 |
BD-DhAAL |
| 008 |
090812s2008 bg b f000 0 eng d |
| 010 |
|
|
|a \\2008331935
|
| 040 |
|
|
|a DLC
|c DLC
|d DLC
|d BD-DhAAL
|
| 082 |
0 |
0 |
|a 364.1323
|2 22
|
| 245 |
0 |
0 |
|a UNCAC, a Bangladesh compliance & gap analysis /
|c United Nations Convention against Corruption.
|
| 246 |
3 |
|
|a UNCAC, a Bangladesh compliance and gap analysis
|
| 260 |
|
|
|a Dhaka :
|b Government of Bangladesh,
|c 2008.
|
| 300 |
|
|
|a 112 pages ;
|c 22 cm.
|
| 504 |
|
|
|a Includes bibliographical references (page 107).
|
| 541 |
1 |
|
|e 18995
|
| 650 |
|
0 |
|a Corruption
|x Prevention
|x International cooperation.
|9 54646
|
| 650 |
|
0 |
|a Corruption
|z Bangladesh.
|
| 710 |
1 |
|
|a Bangladesh.
|b Āina, Bicāra, o Saṃsada Bishaẏaka Mantraṇālaẏa.
|9 336
|
| 710 |
2 |
|
|a BRAC University.
|b Institute of Governance Studies.
|
| 852 |
4 |
|
|a Ayesha Abed Library
|c General Stacks
|
| 942 |
|
|
|2 ddc
|c BK
|
| 999 |
|
|
|c 3212
|d 3212
|
| 952 |
|
|
|0 0
|1 0
|2 ddc
|4 0
|6 364_100000000000000_323_UNC
|7 0
|9 2909
|a BIGD
|b BIGD
|c GEN
|d 2009-08-30
|l 0
|o 364.1323 UNC
|p 3050018995
|r 2009-08-30
|t 1
|w 2009-08-30
|y BK
|x Transferred from BDI to BIGD.
|